Germany Euro 2021 Squad - Statistics

General Stats
  • This quiz has been taken 52 times
  • The average score is 19 of 26
Answer Stats
Position Club Player % Correct
GK Bayern Munich Manuel Neuer
100%
MF Manchester City Ilkay Gundogan
95%
FW Bayern Munich Thomas Muller
95%
DF Borussia Dortmund Mats Hummels
93%
FW Chelsea Timo Werner
93%
MF Real Madrid Toni Kroos
93%
GK Arsenal Bernd Leno
90%
MF Bayern Munich Joshua Kimmich
90%
FW Chelsea Kai Havertz
90%
MF Bayern Munich Leroy Sane
90%
GK Eintracht Frankfurt Kevin Trapp
88%
MF Bayern Munich Leon Goretzka
88%
DF Chelsea Antonio Rudiger
85%
DF Atalanta Robin Gosens
83%
MF Bayern Munich Serge Gnabry
83%
MF Bayern Munich Jamal Musiala
76%
DF Bayern Munich Niklas Sule
76%
FW AS Monaco Kevin Volland
68%
DF RB Leipzig Lukas Klostermann
66%
DF Borussia Monchengladbach Matthias Ginter
61%
DF Leeds United Robin Koch
59%
DF SC Freiburg Christian Gunter
46%
DF RB Leipzig Marcel Halstenberg
41%
MF Borussia Monchengladbach Florian Neuhaus
39%
MF Borussia Monchengladbach Jonas Hofmann
29%
DF Borussia Dortmund Emre Can
24%
No matching quizzes found
Score Distribution
Percent of People with Each Score
Percentile by Number Answered
Your Score History
You have not taken this quiz